000 00265nam a2200121 i 4500
001 bg
245 0 _aWybrane problemy transmisji danych.
260 _aWrocław 1978.
040 _cBPK
041 _apol
942 _cKS
008 s pl f |000 0 pol
999 _c18359
_d18359
856 _uhttp://koha.tu.koszalin.pl/cgi-bin/koha/opac-detail.pl?biblionumber=18359
_yKatalog online BPK